000 00342nam a2200121Ia 4500
008 210430s9999 xx 000 0 und d
082 _a512.5L426 L
100 _aDavid C.Lay
_925670
245 _aLinear Algebra And its Applications
_cDavid C.Lay
260 _aUniversity of Maryland
_bDavid C.Lay
_c2000
300 _a1112p
942 _cBK
_2ddc
999 _c562117
_d562117